00255 a2200109 4500001000700000020000600007040001100013100002300024240004700047245004200094362000900136169662 a  cMagnum aDriscoll, Gertrude10aComo estudar la conducta de los ninoslESP10aComo estudar la conducta de los ninos0 a1899